000 00805nam a22002057a 4500
003 OSt
005 20260123083905.0
008 230526b ||||| |||| 00| 0 eng d
040 _cSSBUL
041 _ashan
082 _223
_a294.391
245 0 0 _aငဝ်ႈႁၢၵ်ႈတေႇရဝႃႇတ /
_cလုၵ်ႈႁဵၼ်းၶေႃႈလဵၵ်ႉ သႃႇရိပုတ်တ Diploma ပီၼိုင်ႈ /
260 _aတူၼ်ႈတီး၊
_bဝူင်းဝၼ်း၊
_c2016 ။
300 _a235 ၼႃႈ၊
_bပႃးၶႅပ်းႁၢင်ႈ၊
_c21 ၸိၼ်ႇတီႇ။
500 _aS-SAT: Dr. Prof Sai Aung Tun
650 _aထေႇရဝႃႇတ - ပုတ်ႉထၽႃႇသႃႇ
_924470
942 _cBK
942 _2ddc
942 _2ddc
999 _c24785
_d24785